| 000 | 00806nam a22001577a 4500 | ||
|---|---|---|---|
| 003 | LRUA | ||
| 005 | 20220104135551.0 | ||
| 008 | 220104b xxu||||| |||| 00| 0 eng d | ||
| 040 | _cRUA | ||
| 082 | _2AGE ORR 2019 B660 Or. | ||
| 100 |
_914811 _aOR RY ,អោ រី |
||
| 245 | _aEFFECTS OF DIFFERENT DRIP IRRIGATION REGIMES ON THE GROWTHAND TIELD OF LEAF MUSTARD, ឥទ្ធិពលនៃការស្រោចស្រពដោយប្រើបរិមាណទឹកខុសៗគ្នាតាមរយៈប្រព័ន្ធដំណាក់ទឹកទៅលើការលូតលាស់និងទិន្នផលទៅលើការលូតលាស់ស្ពៃខ្មៅ | ||
| 260 |
_aPHNOM PENH _bRUA _c2019 |
||
| 300 |
_aix,49p, _bill. _c29cm. |
||
| 942 |
_2ddc _cAGE |
||
| 999 |
_c19860 _d19860 |
||